书目信息 |
| 题名: |
莎士比亚喜剧集
|
|
| 作者: | 莎士比亚 著 ;高坤 主编 | |
| 分册: | ||
| 出版信息: | 北京 中国戏剧出版社 2007 |
|
| 页数: | 615页 | |
| 开本: | 21cm | |
| 丛书名: | ||
| 单 册: | ||
| 中图分类: | I561.33 | |
| 科图分类: | ||
| 主题词: | 中篇小说--zhong pian xiao shuo--作品集--世界 , 文学 | |
| 电子资源: | ||
| ISBN: | 978-7-104-02595-5 | |
| 000 | 00891nam0 2200253 450 | |
| 001 | 0100001178 | |
| 005 | 20110525094151.18 | |
| 010 | @a978-7-104-02595-5@dCNY110.00 | |
| 100 | @a20071205d2007 ekmy0chiy0121 ea | |
| 101 | 0 | @achi |
| 102 | @aCN@b110000 | |
| 105 | @ay z 000ay | |
| 106 | @ar | |
| 200 | 1 | @a莎士比亚喜剧集@Asha shi bi ya xi ju ji@f(英) 威廉·莎士比亚著@g高坤主编 |
| 210 | @a北京@c中国戏剧出版社@d2007 | |
| 215 | @a615页@d21cm | |
| 330 | @a《莎士比亚喜剧集》收入了莎士比亚六部喜剧代表作,包括《仲夏夜之梦》(1595-1596)、《威尼斯商人》(1596-1597)《温莎的风流娘儿们》(598-160O)《第十二夜》(1599一1600)等。 | |
| 606 | 0 | @a中篇小说@Azhong pian xiao shuo@j作品集@y世界 |
| 606 | 0 | @a文学 |
| 690 | @aI561.33@v4 | |
| 701 | 1 | @a莎士比亚@Asha shi bi ya@4著 |
| 702 | 0 | @a高坤@Agao kun@4主编 |
| 801 | 0 | @aCN@c20110525 |
| 905 | @b20666253@dI561.33@eW4982@fI14/S0712 | |
| 莎士比亚喜剧集/(英) 威廉·莎士比亚著/高坤主编.-北京:中国戏剧出版社,2007 |
| 615页;21cm |
| ISBN 978-7-104-02595-5:CNY110.00 |
| 《莎士比亚喜剧集》收入了莎士比亚六部喜剧代表作,包括《仲夏夜之梦》(1595-1596)、《威尼斯商人》(1596-1597)《温莎的风流娘儿们》(598-160O)《第十二夜》(1599一1600)等。 |
| ● |
| 相关链接 |
|
|
|
正题名:莎士比亚喜剧集
索取号:I561.33/W4982
 
预约/预借
| 序号 | 登录号 | 条形码 | 馆藏地/架位号 | 状态 | 备注 |
| 1 | 666253 | 206662538 | 社科二线422/422社科库 12排2列1层/ [索取号:I561.33/W4982] | 在馆 |